THINK AND GROW RICH (Record no. 2349)

MARC details
000 -LEADER
fixed length control field 00324nam a2200133Ia 4500
008 - FIXED-LENGTH DATA ELEMENTS--GENERAL INFORMATION
fixed length control field 240624s9999 xx 000 0 und d
041 ## - LANGUAGE CODE
Language code of text/sound track or separate title eng
082 ## - DEWEY DECIMAL CLASSIFICATION NUMBER
Classification number 650.12 HIL
100 ## - MAIN ENTRY--PERSONAL NAME
Personal name HILL NAPOLEON
245 ## - TITLE STATEMENT
Title THINK AND GROW RICH
260 ## - PUBLICATION, DISTRIBUTION, ETC.
Date of publication, distribution, etc. 1983
Place of publication, distribution, etc. New York
Name of publisher, distributor, etc. Fawcett Crest
300 ## - PHYSICAL DESCRIPTION
Extent xviii, : 233 : cm. ; 18
365 ## - TRADE PRICE
Currency code RS
Holdings
Withdrawn status Lost status Damaged status Not for loan Home library Current library Shelving location Date acquired Source of acquisition Cost, normal purchase price Total Holds Full call number Barcode Date last seen Copy number Price effective from Koha item type
  Missing     IMTN IMTN Rack 18-B 03/30/2005 WBD 100.00 1076 650.12 HIL 2349 06/24/2024 1 06/24/2024 Books
Designed & Maintained by: LRC IMT Nagpur Contact: lrc@imtnag.ac.in© 2024. All Rights Reserved.